Magnifico - Fedez, Francesca Michielin - Statistics

Statistiche generali
  • Questo quiz è stato fatto 43 volte
  • Il punteggio medio è 244 su 362
Statistiche sulle risposte
Risposta % Corretto
a
100%
d'
100%
e
100%
è
100%
i
100%
no
100%
di
97%
l'
97%
ma
97%
magnifico
97%
non
97%
se
97%
tu
97%
un
94%
un'
94%
fuori
91%
po'
91%
si
91%
lo
88%
mi
88%
sei
88%
tutto
88%
anche
85%
come
85%
il
85%
che
82%
più
82%
prenderò
82%
so
82%
al
79%
ci
79%
rimprovero
79%
c'è
76%
la
76%
due
73%
in
73%
momento
73%
per
73%
quando
73%
ti
73%
con
67%
gli
67%
re
67%
sia
67%
appartengono
64%
ho
64%
illusi
64%
possibile
64%
sbagliati
64%
sogni
64%
abbia
61%
anni
61%
ne
61%
passano
61%
sole
61%
bellezza
58%
cambiano
58%
davvero
58%
dell'
58%
punti
58%
vista
58%
amo
55%
denari
55%
devi
55%
diverso
55%
hai
55%
miei
55%
picche
55%
prospettiva
55%
quante
55%
senza
55%
spesso
55%
stagione
55%
triste
55%
ad
52%
esiste
52%
io
52%
occhi
52%
passi
52%
piangere
52%
posso
52%
smetterla
52%
una
52%
altra
48%
amore
48%
aspettando
48%
centro
48%
dai
48%
manicure
48%
parlano
48%
piove
48%
scalatrici
48%
sociali
48%
sorridi
48%
trovi
48%
addosso
45%
bene
45%
dei
45%
dovresti
45%
faccia
45%
ogni
45%
poi
45%
portata
45%
sentimenti
45%
succede
45%
viste
45%
conquista
42%
guardami
42%
nel
42%
regalano
42%
retrocede
42%
risposto
42%
sapessi
42%
scoprire
42%
stanno
42%
universo
42%
vediamo
42%
volte
42%
ascoltarli
39%
le
39%
rimarrai
39%
siamo
39%
vuole
39%
arrivo
36%
delusa
36%
differenti
36%
me
36%
mia
36%
parte
36%
provato
36%
punto
36%
rammarico
36%
allo
33%
proviamo
33%
tuo
33%
dallo
30%
modo
30%
parliamo
30%
stesso
30%
sul
30%
argomenti
27%
diversi
27%
nello
27%
ognuno
27%
pianeti
27%
suo
27%
troveranno
27%
divisi
24%
essere
24%
questa
24%
smettere
24%
spazio
24%
suoi
24%
cercare
21%
ciechi
21%
coi
21%
devo
21%
frigorifero
21%
hotel
21%
mio
21%
scarpe
21%
segreti
21%
dirtelo
18%
giorni
18%
pensieri
18%
rende
18%
dormo
15%
fianco
15%
guardi
15%
notte
15%
preferito
15%
continui
12%
dato
12%
guardare
12%
migliori
12%
peggiori
12%
realistico
12%
contraddizioni
9%
vizi
9%
Nessun quiz corrispondente trovato
Distribuzione punteggi
Percentuale di utenti per punteggio
Percentile per numero di risposta
I tuoi punteggi nel tempo
Non hai fatto questo quiz